Účtovná závierka v kontexte novelizácie štandardu IAS 1

Problematika zostavovania účtovnej závierky v kontexte nových štandardov IFRS. Revidované znenie štandardu IAS 1 Prezentácia účtovnej závierky prináša viaceré zmeny, z ktorých niektoré menia významným spôsobom zostavovanie a prezentáciu účtovnej závierky - hlavné zmeny. Verné zobrazenie. Formát zost...

Descrizione completa

Salvato in:
Dettagli Bibliografici
Autore principale: Tumpach, Miloš, 1970-
Natura: Capitolo di libro
Lingua:slovacco
Soggetti:
Tags: Aggiungi Tag
Nessun Tag, puoi essere il primo ad aggiungerne!!

MARC

LEADER 00000naa$a2200000$$$4500
001 0026157
005 20240502071424.6
041 0 |a slo 
044 |a SK 
245 1 0 |a Účtovná závierka v kontexte novelizácie štandardu IAS 1  |c Miloš Tumpach 
520 |a Problematika zostavovania účtovnej závierky v kontexte nových štandardov IFRS. Revidované znenie štandardu IAS 1 Prezentácia účtovnej závierky prináša viaceré zmeny, z ktorých niektoré menia významným spôsobom zostavovanie a prezentáciu účtovnej závierky - hlavné zmeny. Verné zobrazenie. Formát zostavovania výkazov účtovnej závierky. Poznámky. 
610 2 0 |a závierka účtovná 
610 2 0 |a štandardy účtovné medzinárodné 
610 2 0 |a novelizácia 
610 2 0 |a IAS 1 
100 1 |a Tumpach, Miloš, 1970-